Movies Quiz

Random Movies or Director Quiz

Classic Film (My All-Time Favorites/1-50) Quiz Stats

 Plays Quiz not verified by Sporcle

Support Sporcle.
Go Orange.
Score 0/50 Timer 15:00
0 Plays Today
Rank/Year/Director/Performers Film % Correct
9. 1960 (Alfred Hitchcock) Anthony Perkins, Janet LeighPsycho
90.2%
4. 1931 (Fritz Lang) Peter LorreM
88.4%
13. 1954 (Alfred Hitchcock) James Stewart, Grace KellyRear Window
87.5%
28. 1942 (Michael Curtiz) Humphrey Bogart, Ingrid BergmanCasablanca
87.5%
11. 1958 (Alfred Hitchcock) James Stewart, Kim NovakVertigo
84.8%
23. 1941 (Orson Welles) Orson Welles, Joseph CottenCitizen Kane
83%
6. 1957 (Sidney Lumet) Henry Fonda, Lee J. Cobb12 Angry Men
82.1%
30. 1946 (Alfred Hitchcock) Cary Grant, Ingrid BergmanNotorious
76.8%
36. 1949 (Carol Reed) Orson Welles, Joseph CottenThe Third Man
69.6%
2. 1962 (J. Lee Thompson) Gregory Peck, Robert MitchumCape Fear
64.3%
26. 1940 (Howard Hawks) Cary Grant, Rosalind RussellHis Girl Friday
64.3%
3. 1968 (Sergio Leone) Charles Bronson, Henry FondaOnce Upon a Time in the West
58%
18. 1962 (John Frankenheimer) Frank Sinatra, Angela LansburyThe Manchurian Candidate
58%
21. 1951 (Alfred Hitchcock) Farley Granger, Robert WalkerStrangers on a Train
58%
33. 1922 (F.W. Murnau) Max SchreckNosferatu
56.3%
38. 1955 (Charles Laughton) Orson Welles, Shelley WintersThe Night of the Hunter
53.6%
20. 1969 (Sam Peckinpah) William Holden, Ernest BorgnineThe Wild Bunch
52.7%
29. 1956 (Stanley Kubrick) Sterling Hayden, Coleen GrayThe Killing
50.9%
39. 1953 (George Stevens) Alan Ladd, Jean ArthurShane
50.9%
25. 1962 (John Ford) John Wayne, James StewartThe Man Who Shot Liberty Valance
49.1%
32. 1927 (F.W. Murnau) George O'Brien, Janet GaynorSunrise: A Song of Two Humans
49.1%
41. 1935 (Alfred Hitchcock) Robert Donat, Madeleine CarrollThe 39 Steps
48.2%
14. 1933 (James Whale) Claude Rains, Gloria StuartThe Invisible Man
36.6%
8. 1947 (Jacques Tourneur) Robert Mitchum, Jane GreerOut of the Past
34.8%
10. 1960 (Stanley Kramer) Spencer Tracy, Fredric MarchInherit the Wind
34.8%
Rank/Year/Director/Performers Film % Correct
43. 1953 (Fritz Lang) Glenn Ford, Gloria GrahameThe Big Heat
30.4%
16. 1950 (Nicholas Ray) Humphrey Bogart, Gloria GrahameIn a Lonely Place
29.5%
1. 1945 (Fritz Lang) Edward G. Robinson, Joan BennettScarlet Street
27.7%
40. 1939 (George Marshall) James Stewart, Marlene DietrichDestry Rides Again
26.8%
34. 1955 (Robert Aldrich) Ralph MeekerKiss Me Deadly
25%
17. 1942 (Jacques Tourneur) Simone Simon, Kent SmithCat People
22.3%
15. 1939 (Howard Hawks) Cary Grant, Jean ArthurOnly Angels Have Wings
20.5%
27. 1926 (F.W. Murnau) Emil JanningsFaust
20.5%
47. 1948 (Charles Barton) Bud Abbott, Lou CostelloBud Abbott and Lou Costello Meet Frankenstein
20.5%
7. 1950 (Jules Dassin) Richard Widmark, Gene TierneyNight and the City
18.8%
5. 1953 (Samuel Fuller) Richard Widmark, Jean PetersPickup on South Street
17.9%
44. 1949 (Nicholas Ray) Farley Granger, Cathy O'DonnellThey Live by Night
15.2%
31. 1933 (Fritz Lang) Rudolf Klein-RoggeThe Testament of Dr. Mabuse
14.3%
42. 1931 (F.W. Murnau) Matahi, Anne ChevalierTabu: A Story of the South Seas
14.3%
45. 1952 (Fritz Lang) Barbara Stanwyck, Robert RyanClash by Night
14.3%
12. 1945 (Robert Wise) Boris Karloff, Bela LugosiThe Body Snatcher
13.4%
46. 1949 (Robert Wise) Robert Ryan, Audrey TotterThe Set-Up
13.4%
49. 1952 (Nicholas Ray) Robert Ryan, Ida LupinoOn Dangerous Ground
11.6%
19. 1944 (Robert Wise) Simone Simon, Ann CarterThe Curse of the Cat People
9.8%
22. 1928 (Paul Leni) Conrad Veidt, Mary PhilbinThe Man Who Laughs
9.8%
37. 1945 (Otto Preminger) Dana Andrews, Linda DarnellFallen Angel
8.9%
35. 1948 (Anthony Mann) Dennis O'Keefe, Claire TrevorRaw Deal
8%
24. 1929 (G.W. Pabst) Louise BrooksDiary of a Lost Girl
5.4%
48. 1943 (Jacques Tourneur) Dennis O'Keefe, Jean BrooksThe Leopard Man
5.4%
50. 1935 (Henry Hathaway) Gary Cooper, Ann HardingPeter Ibbetson
5.4%

You're not logged in!

Compare scores with friends on all Sporcle quizzes.
OR
Log In

From the Vault

'E' Entertainment Images

by druhutch

Sometimes the letter E reminds us of a comb, but honestly, if E were a comb, it would be the worst comb.
Remove Ads.
Support Sporcle.
Get the best of Sporcle when you Go Orange. This ad-free experience offers more features, more stats, and more fun while also helping to support Sporcle. Thank you for becoming a member.

Show Comments

Extras

Top Quizzes Today


Score Distribution

Your Account Isn't Verified!

In order to create a playlist on Sporcle, you need to verify the email address you used during registration. Go to your Sporcle Settings to finish the process.

Report this User

Report this user for behavior that violates our Community Guidelines.

Details: